Les 50 plus grandes communes d'Ille et Vilaine, par habitants - Statistiques

Statistiques générales
  • Ce quiz a été pris 365 fois
  • Le résultat moyen est 25 sur 50
Statistiques - réponses
Commune Population (2014) % Correct
1 Rennes 213 454
99%
2 Saint-Malo 45 980
95%
3 Fougères 20 189
93%
4 Vitré 17 571
89%
6 Cesson-Sévigné 17 233
85%
14 Redon 8 921
85%
5 Bruz 17 372
83%
11 Dinard 9 846
83%
13 Saint-Grégoire 9 195
73%
8 Pacé 11 288
71%
7 Saint-Jacques-de-la-Lande 12 303
67%
9 Betton 10 692
64%
35 Cancale 5 200
63%
10 Chantepie 10 576
61%
15 Janzé 8 249
61%
22 Liffré 7 267
60%
12 Châteaugiron 9 434
58%
31 Combourg 5 813
56%
16 Le Rheu 8 159
56%
17 Guichen 8 109
55%
20 Bain-de-Bretagne 7 428
54%
34 Dol-de-Bretagne 5 557
53%
19 Vern-sur-Seiche 7 914
53%
26 Châteaubourg 6 819
51%
23 Mordelle 7 228
51%
21 Chartres-de-Bretagne 7 333
49%
18 Thorigné-Fouillard 8 012
48%
38 Montauban-de-Bretagne 5 063
45%
28 Montfort-sur-Meu 6 474
45%
24 Noyal-Châtillon-sur-Seiche 6 910
44%
33 Noyal-sur-Vilaine 5 653
44%
30 Melesse 5 904
39%
36 Vezin-le-Coquet 5 153
39%
42 La Mézière 4 595
38%
29 Acigné 6 398
36%
25 Guipry-Messac 6 847
35%
46 La Guerche-de-Bretagne 4 301
35%
39 Laillé 5 034
32%
43 Saint-Méen-le-Grand 4 576
32%
32 Bréal-sous-Montfort 5 679
29%
50 Retiers 4 164
28%
49 Saint-Gilles 4 191
26%
47 Argentré-du-Plessis 4 290
23%
37 Gévezé 5 139
23%
44 Iffendic 4 457
21%
27 Pleurtuit 6 488
20%
45 Goven 4 412
17%
40 La Chapelle-des-Fougeretz 4 739
16%
48 La Bouëxière 4 258
15%
41 Maen Roch 4 732
13%
Aucun quiz correspondant
Distribution des résultats
% des personnes avec chaque résultat
Percentile par nombre de réponses
Votre historique - résultats
Vous n’avez pas pris ce quiz